Top 60 Highest Potential Players Fifa 17 - Statistics

General Stats
  • This quiz has been taken 204 times
  • The average score is 20 of 60
Answer Stats
Hint Answer % Correct
P=95 Brazil-LW Neymar
95%
P= 94 France-CM Paul Pogba
93%
P= 93 Belgium GK Thibaut Courtois
90%
P=91 England ST Harry Kane
88%
P=91 Slovenia GK Jan Oblak
81%
P=91 France CB Raphael Varane
77%
P=92 Argentina ST Paulo Dybala
71%
P=90 Brazil ST Gabriel Jesus
61%
P=90 England ST Marcus Rashford
59%
P=90 Belgium ST Romelu Lukaku
59%
P=90 England CAM Dele Alli
51%
P=90 France RM Ousmane Dembele
51%
P=89 Denmark CAM Christian Eriksen
48%
P=89 Austria LB David Alaba
46%
P=90 Ivory Coast CB Eric Bailly
46%
P=89 Italy GK Gianluigi Donnarumma
42%
P=90 France LM Anthony Martial
40%
P=89 Portugal RM Bernardo Silva
40%
P=88 England RM Raheem Sterling
39%
P=90 Brazil LW Coutinho
36%
P=90 Italy CM Marco Verratti
36%
P=89 Germany GK Bernd Leno
35%
P=88 Germany RM Leroy Sane
30%
P=89 Argentina ST Mauro Icardi
30%
P=88 Portugal CM Renato Sanches
30%
P=88 France LB Theo Hernandez
30%
P=88 Uruguay CB Jose Maria Gimenez
29%
P=90 Argentina GK Geronimo Rulli
28%
P=89 England GK Jack Butland
28%
P=89 Portugal CM Andre Gomes
27%
P=88 Denmark ST Kasper Dolberg
27%
P=89 Nigeria ST Kelechi Iheanacho
24%
P=89 France GK Alphonse Areola
23%
P=89 Spain CAM Marco Asensio
23%
P=88 England CB John Stones
22%
P=88 Croatia CAM Alen Halilovic
21%
P=88 England LB Luke Shaw
21%
P=89 France GK Alban Lafont
20%
P=88 France CB Aymeric Laporte
19%
P=88 Brazil CB Marquinhos
19%
P=88 Belgium LM Yannick Carrasco
19%
P=88 Senegal LW Keita Balde Diao
17%
P=88 Switzerland RM Breel Embolo
16%
P=88 Italy CB Daniele Rugani
16%
P=89 France CB Kurt Zouma
16%
P=88 France LM Thomas Lemar
16%
P=88 Brazil CDM Fabinho
14%
P=88 Belgium LM Charly Musonda
13%
P=88 Paraguay ST Antonio Sanabria
12%
P=89 Germany GK Timo Horn
12%
P=88 France CM Corentin Tolisso
11%
P=88 Germany LM Julian Brandt
11%
P=88 Argentina ST Angel Correa
10%
P=88 Portugal CM Joao Mario
10%
P=88 Germany CB Jonathan Tah
10%
P=88 France CB Malang Sarr
10%
P=89 France ST Kylian Mbappe Lottin
9%
P=88 Spain CM Saul Niguez
9%
P=88 Portugal RM Gelson Martins
8%
P=88 Spain LM Samu Castillejo
4%
No matching quizzes found
Score Distribution
Percent of People with Each Score
Percentile by Number Answered
Your Score History
You have not taken this quiz